An historical outline of architectural science (Record no. 76298)

MARC details
000 -LEADER
fixed length control field 00772nam a2200157 a 4500
008 - FIXED-LENGTH DATA ELEMENTS--GENERAL INFORMATION
fixed length control field 120416s1977 xx |||||||||||||| || u
050 ## - LIBRARY OF CONGRESS CALL NUMBER
Classification number NA 500 Cow
100 ## - MAIN ENTRY--PERSONAL NAME
Personal name Cowan, Henry J
245 13 - TITLE STATEMENT
Title An historical outline of architectural science
250 ## - EDITION STATEMENT
Edition statement 2nd edition
260 ## - PUBLICATION, DISTRIBUTION, ETC.
Date of publication, distribution, etc. [1977]
350 ## -
-- 0.00
995 ## -
-- ANNEX COLLECTION (Main Library)
-- 0.00
-- 704656
-- CBU-MAIN LIBRARY (Kitwe)
-- 2
-- 0.00
-- NA 500 Cow
-- AVAILABLE
-- 009869
-- Annex Low-Usage Collection
995 ## -
-- ANNEX COLLECTION (Main Library)
-- 0.00
-- 706962
-- CBU-MAIN LIBRARY (Kitwe)
-- 3
-- 0.00
-- NA 500 Cow
-- AVAILABLE
-- 009871
-- Annex Low-Usage Collection
995 ## -
-- ANNEX COLLECTION (Main Library)
-- 0.00
-- 704655
-- CBU-MAIN LIBRARY (Kitwe)
-- 1
-- 0.00
-- NA 500 Cow
-- AVAILABLE
-- 009870
-- Annex Low-Usage Collection
999 ## -
-- 76298
-- 76298
Holdings
Withdrawn status Lost status Source of classification or shelving scheme Damaged status Not for loan Permanent Location Current Location Shelving location Date acquired Total Checkouts Full call number Barcode Date last seen Copy number Price effective from Koha item type
          CBU-MAIN LIBRARY, KITWE. CBU-MAIN LIBRARY, KITWE.   04/25/2023   NA 500 Cow 009869 04/25/2023 1 04/25/2023 MONOGRAPH
          CBU-MAIN LIBRARY, KITWE. CBU-MAIN LIBRARY, KITWE.   04/25/2023   NA 500 Cow 009871 04/25/2023 2 04/25/2023 MONOGRAPH
          CBU-MAIN LIBRARY, KITWE. CBU-MAIN LIBRARY, KITWE.   04/25/2023   NA 500 Cow 009870 04/25/2023 3 04/25/2023 MONOGRAPH